| 000 | 01200nam a2200337 i 4500 | ||
|---|---|---|---|
| 001 | 000017078 | ||
| 003 | DO-SdBNP | ||
| 005 | 20250224133403.0 | ||
| 007 | ta | ||
| 008 | 250224s1988 dr ac r 000 0 spa d | ||
| 040 |
_aDO-SdBNP _bspa _cBNPHU _erda |
||
| 082 |
_a796 _bC348e _222 |
||
| 100 | 1 |
_aCastellanos Díaz, Justo, _d1932-1989. _eautor _937669 _4aut. |
|
| 245 | 1 | 0 |
_aEvolución histórica del deporte / _cJusto Castellanos Díaz, prólogo Pedro Julio Santana. |
| 250 | _aSegunda edición | ||
| 264 | 1 |
_aSanto Domingo : _bEditora Alfa y Omega, _c1988. |
|
| 300 |
_a320 p. : _bilustraciones, retratos _c20 cm. |
||
| 336 |
_atexto _btxt _2rdacontent |
||
| 337 |
_asin mediación _bn _2rdamedia |
||
| 338 |
_avolumen _bnc _2rdacarrier |
||
| 500 | _aIncluye datos biográficos del autor en las solapas. | ||
| 504 | _aBibliografía : p. 217. | ||
| 590 | _aInventariado, 2025/ YL | ||
| 650 | 4 |
_aDeportes _xHistoria _937670 |
|
| 650 | 4 |
_aCrónica deportiva _96911 |
|
| 650 | 4 |
_aDiarios dominicanos _xSecciones, columnas, etc. _944 |
|
| 700 | 1 |
_aSantana, Pedro Julio, _eprologuista _937671 _4prol. |
|
| 730 | 0 |
_aEl Nacional (República Dominicana) _923260 |
|
| 910 | _aYLockward | ||
| 942 |
_2ddc _cLBS1 |
||
| 999 |
_c58207 _d58207 |
||